000 01076nam a2200253 i 4500
001 31538
003 ES-MaACL
005 20250826070510.0
007 t|
008 030129s1952 sp ||||1| spa d
100 1 _aBelaustegui Más, Calixto.
_927127
245 1 0 _aFundamentos del trabajo penitenciario /
_cCalixto Belaustagui Mas ; prólogo de Eugenio Cuello Calón.
260 _aMadrid :
_b[s.n.,
_c1952] (
_fTalls. Penitenciarios de Alcalá de Henares)
300 _aXIX, 390 p. ;
_c24 cm.
510 _aCCPB,
_c001029421-X
650 7 _aTrabajo forzado
_2embne
_9171575
650 7 _9136763
_aPresos
700 1 _aCuello Calón, Eugenio.
_941986
852 _aES-MaACL
_jD-6429
_bR.32713
_bR.M. 6024
_932704
_cSVI
_fSello en tinta azul de la Biblioteca del Ateneo de Madrid
_gAnotación manuscrita en cubierta: "6"
_zEn cubierta: "16. OCT. 1952"
_zEn cubierta: "DONATIVO"
942 _2udc
_cMONOGRAFIA
999 _c31538
_d31538